History Quiz

Random History or Biography Quiz

Which American Woman Is It? Quiz Stats

 Plays Quiz Updated Aug 28, 2015

Score 0/24 Timer 06:00
2 Plays Today
Which woman... A or B % Correct
...authored 'Little Women'?
(A) Louisa May Alcott or (B) Laura Ingalls Wilder
???
90.2%
...was an abolitionist who delivered the speech 'Ain't I a Woman'?
(A) Rosa Parks or (B) Sojourner Truth
???
89.9%
...was a guide and interpreter for the Lewis and Clark Expedition?
(A) Sacajawea or (B) Pocahontas
???
89.8%
...was a teacher and lifelong companion to Helen Keller?
(A) Anne Sullivan or (B) Dorothea Dix
???
88.4%
...was a sharpshooter in Buffalo Bill's Wild West Show, nicknamed 'Little Sure Shot'?
(A) Annie Oakley or (B) Calamity Jane
???
88.2%
...was a four-time Academy Award winner for Best Actress?
(A) Katharine Hepburn or (B) Judy Garland
???
88%
...was both First Lady and a U.S. Representative to the U.N.?
(A) Nancy Reagan or (B) Eleanor Roosevelt
???
87.5%
...penned 'Uncle Tom's Cabin'?
(A) Harriet Tubman or (B) Harriet Beecher Stowe
???
87.3%
...started the American Red Cross?
(A) Clara Barton or (B) Elizabeth Blackwell
???
84.1%
...was the first woman to become Secretary of State?
(A) Madeleine Albright or (B) Condoleezza Rice
???
81.9%
...was the first American woman in space?
(A) Christa McAuliffe or (B) Sally Ride
???
81.8%
...was the first woman appointed to the U.S. Supreme Court?
(A) Ruth Bader Ginsburg or (B) Sandra Day O'Connor
???
80.8%
Which woman... A or B % Correct
...was the first woman to swim the English Channel?
(A) Annie Taylor or (B) Gertrude Ederle
???
78.5%
...took a hatchet to alcohol as part of the Temperance Movement?
(A) Susan B. Anthony or (B) Carrie Nation
???
78.1%
...penned one of the first histories of the American Revolution?
(A) Betsy Ross or (B) Mercy Otis Warren
???
76.1%
...wrote 'Silent Spring,' a critique of chemical pesticides?
(A) Rachel Carson or (B) Zora Neale Hurston
???
76%
...was a prominent Second Wave Feminist and co-founder of Ms. Magazine?
(A) Betty Friedan or (B) Gloria Steinem
???
75.6%
...was named the 'Woman Athlete of the Half Century' in 1950?
(A) Babe Didrikson Zaharias or (B) Billie Jean King
???
69.5%
...was a pioneering investigative journalist who also took a record-breaking trip around the world?
(A) Nellie Bly or (B) Ida Tarbell
???
67%
...was an American outlaw nicknamed 'The Bandit Queen'?
(A) Belle Boyd or (B) Belle Starr
???
62.8%
...discovered 'jumping genes' from the study of maize?
(A) Chien-Shiung Wu or (B) Barbara McClintock
???
56.4%
...was the first poet to win the Pulitzer Prize posthumously?
(A) Sylvia Plath or (B) Emily Dickinson
???
52.5%
...authored the proposed Equal Rights Amendment to the Constitution?
(A) Carrie Chapman Catt or (B) Alice Paul
???
45.8%
...was a founding member of the NAACP?
(A) Mary Eliza Church Terrell or (B) Frances Ellen Watkins Harper
???
45%

You're not logged in!

Compare scores with friends on all Sporcle quizzes.
OR
Log In

Show Comments

Extras

Top Quizzes Today


Score Distribution

Your Account Isn't Verified!

In order to create a playlist on Sporcle, you need to verify the email address you used during registration. Go to your Sporcle Settings to finish the process.

Report this User

Report this user for behavior that violates our Community Guidelines.

Details: